000 00315nam a2200133Ia 4500
005 20251222143208.0
008 251222s9999||||xx |||||||||||||| ||spa||
020 _a84-8174-383-6
082 _a657.45/B16
100 _aBailey, Larry P.
245 0 _aGuía de Auditoría
264 _bHarcourt Brace
942 _cLIB
999 _c13328
_d13328